00589nam a2200181 a 450000100100000000500170001000800410002702000150006804000250008308200160010810000300012424500790015426000500023330000320028349000220031550000480033783000220038500002256120200930021656.0101013s1989 xxua 000 0 spa d a089729551X aDO-SdBNPbspacBNPHU axxxxbS211c1 aSánchez Pérez, Manuel10aCuba, las estructuras del poder :bla élite /cManuel Sánchez Pérez. aMiami, Florida :bEdiciones Universal,c1989. axi, 255 p. :bil. ;c26 cm.1 aCuba y sus jueces aIncluye índice de fichas bibliográficas 0aCuba y sus jueces